Circuit theory : (Record no. 83481)

MARC details
000 -LEADER
fixed length control field 00598nam a22001937a 4500
005 - DATE AND TIME OF LATEST TRANSACTION
control field 20140506153623.0
010 ## - LCCN (DPL NO)
LC control number ENG-109706
020 ## - INTERNATIONAL STANDARD BOOK NUMBER
International Standard Book Number 9789325974180
Terms of availability 375.00
035 ## - SYSTEM CONTROL NUMBER
System control number EN-93239
037 ## - SOURCE OF ACQUISITION
Source of stock number/acquisition DBAD/PUB
082 ## - DEWEY DECIMAL CLASSIFICATION NUMBER
Classification number 621.3192
100 ## - MAIN ENTRY--PERSONAL NAME
Personal name Salivahanan, S.
245 00 - TITLE STATEMENT
Title Circuit theory :
Remainder of title for undergraduate engineering course /
Statement of responsibility, etc by S. Salivahanan [and] S. Pravin Kumar
260 ## - PUBLICATION, DISTRIBUTION, ETC. (IMPRINT)
Place of publication, distribution, etc Noida
Name of publisher, distributor, etc Vikas Publising House
Date of publication, distribution, etc 2014
270 ## - ADDRESS
Address E-28, Sector-8
City Noida
Postal code 201301
300 ## - PHYSICAL DESCRIPTION
Extent viii,583p.
Dimensions 24cm(pbk)
700 ## - ADDED ENTRY--PERSONAL NAME
Personal name Pravin Kumar, S.
942 ## - ADDED ENTRY ELEMENTS (KOHA)
Source of classification or shelving scheme Dewey Decimal Classification
Item type English Books
Call number suffix SAL
Classification part 621.3192
Holdings
Withdrawn status Lost status Not for loan Collection code Home library Current library Date acquired Source of acquisition Cost, normal purchase price Full call number Barcode Copy number Cost, replacement price Koha item type
    Not For Loan Non-fiction D.B.Act.Division D.B.Act.Division 15/04/2014 DBAD/PUB 375.00 621.3192 SAL EN-93239 1 375.00 English Books

© Delhi Public Library
Hit Counter
free hit counter